Najdrożsi piłkarze z Europy - Statystyki

Ogólne statystyki
  • Ten quiz został rozwiązany 39 razy
  • Średni wynik to 7 z 10
Statystyki odpowiedzi
Wartość Narodowość Piłkarz % Poprawnych
200 MLN Norwegia Erling Haaland
100%
180 MLN Hiszpania Lamine Yamal
97%
170 MLN Francja Kylian Mbappé
94%
180 MLN Anglia Jude Bellingham
78%
140 MLN Niemcy Florian Wirtz
59%
150 MLN Anglia Bukayo Saka
56%
140 MLN Niemcy Jamal Musiala
56%
130 MLN Anglia Phil Foden
50%
130 MLN Hiszpania Rodri
50%
130 MLN Anglia Cole Palmer
31%
Nie znaleziono quizów pasujących do podanych kryteriów
Rozkład punktacji
Procent ludzi z każdym wynikiem
Percentyl według liczby udzielonych odpowiedzi
Twoja historia wyników
Nie rozwiązałeś tego quizu